000 00584nam a2200181 4500
999 _c19203
_d19203
008 240219b ||||| |||| 00| 0 eng d
020 _a978-0-357-72834-5 (paperback)
082 _22023
_aDC 613
_bT835
100 _aTunks, Lisa, author.
_952671
245 _aAn invitation to health /
_cLisa Tunks.
250 _a20th edition.
260 _aAustralia :
_bCengage,
_c[2023].
300 _axix, 586 pages :
_bcolor illustrations ;
_c28 cm
500 _aIncludes bibliographical references and index.
650 _aHealth.
_952672
365 _b9,300.00
_cPhp
942 _2ddc
_cDC